=LDR 00000nam 2200000 4500 =001 INLIS000000000017017 =005 20130612112224 =008 ***********************************Ind** =035 ##$$0010-061300000017017 =041 ##$$a Ind =082 ##$$a 551.46 =090 ##$$a 551.46, Nur m =100 ##$$a Nurmayati, Dewi =245 ##$$a Meyelami rahasia laut, Penulis, Dewi Nurmayati =260 ##$$a 2003 $b Bandung =300 ##$$a 36 hlm, ilus, 28 cm =650 ##$$a Oseonografi =850 ##$$a NBPNMAT